Diamond robery (Record no. 2928)
[ view plain ]
| 000 -LEADER | |
|---|---|
| fixed length control field | 00456cam a2200193ua 4500 |
| 001 - CONTROL NUMBER | |
| control field | 3084 |
| 005 - DATE AND TIME OF LATEST TRANSACTION | |
| control field | 20260515113630.0 |
| 008 - FIXED-LENGTH DATA ELEMENTS--GENERAL INFORMATION | |
| fixed length control field | 110929n ii |||gr||||Z||||||asm |
| 040 ## - CATALOGING SOURCE | |
| Transcribing agency | MAIN |
| 082 ## - DEWEY DECIMAL CLASSIFICATION NUMBER | |
| Classification number | 891.4513 |
| 100 ## - MAIN ENTRY--PERSONAL NAME | |
| Personal name | Kalita, Satyaranjan, |
| 245 11 - TITLE STATEMENT | |
| Title | Diamond robery |
| Statement of responsibility, etc. | by Satyaranjan Kalita |
| 250 ## - EDITION STATEMENT | |
| Edition statement | 3rd. |
| 260 ## - PUBLICATION, DISTRIBUTION, ETC. | |
| Place of publication, distribution, etc. | Kolkata: |
| Name of publisher, distributor, etc. | Education,977. |
| 300 ## - PHYSICAL DESCRIPTION | |
| Extent | 104p:5cm. |
| 653 ## - INDEX TERM--UNCONTROLLED | |
| Uncontrolled term | Assamese novel |
| 653 ## - INDEX TERM--UNCONTROLLED | |
| Uncontrolled term | Diamond robery |
| 942 ## - ADDED ENTRY ELEMENTS (KOHA) | |
| Koha item type | Books |
| Withdrawn status | Lost status | Damaged status | Not for loan | Home library | Current library | Shelving location | Date acquired | Total checkouts | Full call number | Barcode | Date last seen | Copy number | Price effective from | Koha item type |
|---|---|---|---|---|---|---|---|---|---|---|---|---|---|---|
| Naharkatiya College Library | Naharkatiya College Library | General stacks | 09/19/2020 | 891.4513 | KAL | 8464 | 09/19/2020 | 2 | 09/19/2020 | Books | |||||
| Naharkatiya College Library | Naharkatiya College Library | General stacks | 09/19/2020 | 891.4513 | KAL | 8465 | 09/19/2020 | 1 | 09/19/2020 | Books |